[Event "KAZ-ch Open 2019"]
[Site "Almaty"]
[Date "2019.04.23"]
[Round "3.3"]
[White "Kazakov, Konstantin"]
[Black "Kvan, Andrey"]
[Result "1-0"]
[WhiteElo "2369"]
[BlackElo "2286"]
[Annotator "NA"]
[PlyCount "219"]
[EventDate "2019.04.21"]
[EventType "tourn"]
[EventCountry "KAZ"]
[SourceTitle "playchess.com"]
[Source "ChessBase"]
[SourceQuality "1"]
[TimeControl "40/5400+30:1800+30"]

1. Nf3 {[%emt 0:00:00]} Nf6 {[%emt 0:00:00]} 2. e3 {[%emt 0:00:00]} g6 {[%emt 0:00:02]} 3. b3 {[%emt 0:00:00]} Bg7 {[%emt 0:00:14]} 4. Bb2 {[%emt 0:00:00]} O-O {[%emt 0:00:43]} 5. Be2 {[%emt 0:00:08]} d6 {[%emt 0:01:57]} 6. O-O {[%emt 0:00:09]} c5 {[%emt 0:01:18]} 7. c4 {[%emt 0:00:14]} b6 {[%emt 0:00:18]} 8. d4 {[%emt 0:00:15]} cxd4 {[%emt 0:02:56]} 9. Nxd4 {[%emt 0:00:08]} Bb7 {[%emt 0:00:27]} 10. Nc3 {[%emt 0:00:21]} Nbd7 {[%emt 0:01:12]} 11. Rc1 {[%emt 0:01:46]} a6 {[%emt 0:04:55]} 12. Bf3 {[%emt 0:00:45]} Bxf3 {[%emt 0:05:38]} 13. Qxf3 {[%emt 0:00:05]} Ne5 {[%emt 0:00:14]} 14. Qe2 {[%emt 0:00:05]} Rc8 {[%emt 0:01:10]} 15. Rfd1 {[%emt 0:01:01]} Nc6 {[%emt 0:07:10]} 16. Nf3 {[%emt 0:02:57]} Nd7 {[%emt 0:04:06]} 17. Nd5 {[%emt 0:00:27]} Bxb2 {[%emt 0:08:51]} 18. Qxb2 {[%emt 0:00:07]} Nde5 {[%emt 0:00:08]} 19. Nxe5 {[%emt 0:00:17]} Nxe5 {[%emt 0:00:13]} 20. Qd4 {[%emt 0:00:15]} Rb8 {[%emt 0:04:49]} 21. Qf4 {[%emt 0:02:03]} Kg7 {[%emt 0:04:14]} 22. Qd4 {[%emt 0:02:30]} Kg8 {[%emt 0:00:10]} 23. Rc3 {[%emt 0:01:21]} e6 {[%emt 0:05:29]} 24. Nb4 {[%emt 0:03:15]} a5 {[%emt 0:01:23]} 25. Nc2 {[%emt 0:01:25]} Qe7 {[%emt 0:03:11]} 26. Qd2 {[%emt 0:07:12]} Rfd8 {[%emt 0:04:13]} 27. Nd4 {[%emt 0:00:14]} Rbc8 {[%emt 0:00:13]} 28. e4 {[%emt 0:02:24]} Ng4 {[%emt 0:07:07]} 29. Nb5 {[%emt 0:04:42]} Nf6 {[%emt 0:02:58]} 30. Re3 {[%emt 0:01:38]} Ne8 {[%emt 0:06:54]} 31. Rd3 {[%emt 0:00:24]} Rc6 {[%emt 0:01:20]} 32. a4 {[%emt 0:01:00]} e5 {[%emt 0:02:28]} 33. Nc3 {[%emt 0:03:48]} Nc7 {[%emt 0:00:25]} 34. Rh3 {[%emt 0:00:16]} Rd7 {[%emt 0:02:34]} 35. Qh6 {[%emt 0:00:23]} f6 {[%emt 0:00:16]} 36. Qd2 {[%emt 0:00:57]} Qf7 {[%emt 0:00:45]} 37. Rf3 {[%emt 0:00:19]} Kg7 {[%emt 0:01:22]} 38. Qe3 {[%emt 0:00:49]} Rc5 {[%emt 0:01:24]} 39. Qd2 {[%emt 0:01:16]} Qf8 {[%emt 0:01:06]} 40. Rd3 {[%emt 0:00:00]} Rc6 {[%emt 0:00:00]} 41. h4 {[%emt 0:04:07]} h6 {[%emt 0:03:42]} 42. Rg3 {[%emt 0:00:46]} Qf7 {[%emt 0:00:32]} 43. Qe2 {[%emt 0:02:44]} Kh7 {[%emt 0:01:03]} 44. Qf3 {[%emt 0:00:41]} Kg7 {[%emt 0:02:56]} 45. Rd2 {[%emt 0:00:11]} Ne6 {[%emt 0:01:39]} 46. Nd5 {[%emt 0:00:08]} Nc7 {[%emt 0:01:21]} 47. Ne3 {[%emt 0:02:40]} Ne6 {[%emt 0:02:52]} 48. Qg4 {[%emt 0:00:11]} Nf4 {[%emt 0:01:53]} 49. Qd1 {[%emt 0:00:50]} Kh7 {[%emt 0:01:16]} 50. Rf3 {[%emt 0:00:49]} Qe6 {[%emt 0:02:35]} 51. Nd5 {[%emt 0:02:47]} Nh5 {[%emt 0:01:25]} 52. Rfd3 {[%emt 0:03:38]} Ng7 {[%emt 0:02:12]} 53. Qf3 {[%emt 0:03:27]} Rf7 {[%emt 0:01:14]} 54. Nc3 {[%emt 0:00:33]} h5 {[%emt 0:00:38]} 55. Nb5 {[%emt 0:00:19]} Ne8 {[%emt 0:00:12]} 56. Qd1 {[%emt 0:00:32]} Rd7 {[%emt 0:00:36]} 57. f4 {[%emt 0:01:51]} Kh6 {[%emt 0:02:16]} 58. Rf2 {[%emt 0:01:06]} Rg7 {[%emt 0:04:32]} 59. Qd2 {[%emt 0:01:57]} Kh7 {[%emt 0:00:34]} 60. Qe2 {[%emt 0:02:38]} Qg4 {[%emt 0:03:27]} 61. Qxg4 {[%emt 0:00:39]} hxg4 {[%emt 0:00:01]} 62. Rg3 {[%emt 0:00:46]} f5 {[%emt 0:07:25]} 63. fxe5 {[%emt 0:00:16]} dxe5 {[%emt 0:00:02]} 64. exf5 {[%emt 0:00:11]} Nf6 {[%emt 0:00:01]} 65. Re3 {[%emt 0:00:50]} e4 {[%emt 0:03:40]} 66. g3 {[%emt 0:02:33]} Rd7 {[%emt 0:01:01]} 67. Kg2 {[%emt 0:00:18]} Rc5 {[%emt 0:00:28]} 68. fxg6+ {[%emt 0:00:10]} Kxg6 {[%emt 0:00:01]} 69. Nc3 {[%emt 0:00:23]} Re5 {[%emt 0:00:19]} 70. Rfe2 {[%emt 0:01:51]} Rd4 {[%emt 0:00:39]} 71. Rf2 {[%emt 0:01:26]} Rf5 {[%emt 0:01:12]} 72. Ne2 {[%emt 0:01:20]} Rf3 {[%emt 0:01:09]} 73. Nxd4 {[%emt 0:00:21]} Rxe3 {[%emt 0:00:01]} 74. Rd2 {[%emt 0:01:57]} Nh5 {[%emt 0:00:54]} 75. Ne2 {[%emt 0:00:20]} Rxb3 {[%emt 0:02:59]} 76. Rd6+ {[%emt 0:00:13]} Kg7 {[%emt 0:01:28]} 77. Rd5 {[%emt 0:00:20]} Kh6 {[%emt 0:00:29]} 78. Rb5 {[%emt 0:00:30]} Rb4 {[%emt 0:02:34]} 79. Kf2 {[%emt 0:00:33]} Rxc4 {[%emt 0:00:17]} 80. Rxb6+ {[%emt 0:00:12]} Kg7 {[%emt 0:00:12]} 81. Rb5 {[%emt 0:00:14]} Kh6 {[%emt 0:01:40]} 82. Rxa5 {[%emt 0:00:19]} Rc2 {[%emt 0:00:07]} 83. Ke3 {[%emt 0:00:17]} Ra2 {[%emt 0:00:13]} 84. Ra6+ {[%emt 0:01:27]} Kh7 {[%emt 0:00:02]} 85. a5 {[%emt 0:00:39]} Ra3+ {[%emt 0:00:16]} 86. Kxe4 {[%emt 0:00:07]} Nxg3+ {[%emt 0:00:13]} 87. Nxg3 {[%emt 0:00:05]} Rxg3 {[%emt 0:00:07]} 88. Kf4 {[%emt 0:00:07]} Rb3 {[%emt 0:00:03]} 89. Kxg4 {[%emt 0:00:16]} Rb5 {[%emt 0:00:13]} 90. Ra8 {[%emt 0:00:47]} Rc5 {[%emt 0:00:15]} 91. Kf4 {[%emt 0:00:36]} Kg7 {[%emt 0:00:31]} 92. Ke3 {[%emt 0:00:05]} Rb5 {[%emt 0:00:13]} 93. Kd3 {[%emt 0:00:17]} Rc5 {[%emt 0:00:10]} 94. Kd4 {[%emt 0:00:36]} Rb5 {[%emt 0:00:14]} 95. Kc4 {[%emt 0:00:18]} Rf5 {[%emt 0:00:02]} 96. Kb4 {[%emt 0:01:44]} Rf4+ {[%emt 0:00:10]} 97. Kc5 {[%emt 0:00:08]} Rf5+ {[%emt 0:00:05]} 98. Kd6 {[%emt 0:00:07]} Rb5 {[%emt 0:01:01]} 99. Kc7 {[%emt 0:00:38]} Rf5 {[%emt 0:00:45]} 100. Ra7 {[%emt 0:00:13]} Kg8 {[%emt 0:00:40]} 101. Kd6 {[%emt 0:03:09]} Kh8 {[%emt 0:00:31]} 102. Ke6 {[%emt 0:01:14]} Rc5 {[%emt 0:00:02]} 103. Kf7 {[%emt 0:00:32]} Rd5 {[%emt 0:00:54]} 104. h5 {[%emt 0:00:18]} Rb5 {[%emt 0:00:17]} 105. Kg6 {[%emt 0:00:06]} Rb8 {[%emt 0:00:15]} 106. Rd7 {[%emt 0:00:22]} Ra8 {[%emt 0:00:11]} 107. Rd6 {[%emt 0:00:06]} Rg8+ {[%emt 0:01:04]} 108. Kf5 {[%emt 0:00:07]} Kh7 {[%emt 0:00:09]} 109. a6 {[%emt 0:00:43]} Rg1 {[%emt 0:00:04]} 110. Ke6 {[%emt 0:00:08]} 1-0

[Event "KAZ-ch Open 2019"]
[Site "Almaty"]
[Date "2019.04.23"]
[Round "3.4"]
[White "Kazhgaleyev, Murtas"]
[Black "Urazayev, Arystanbek"]
[Result "1-0"]
[WhiteElo "2578"]
[BlackElo "2446"]
[Annotator "ChessBase"]
[PlyCount "53"]
[EventDate "2019.04.21"]
[EventType "tourn"]
[EventCountry "KAZ"]
[SourceTitle "playchess.com"]
[Source "ChessBase"]
[SourceQuality "1"]
[TimeControl "40/5400+30:1800+30"]

1. d4 {[%emt 0:02:53]} Nf6 {[%emt 0:00:00]} 2. c4 {[%emt 0:01:11]} e6 {[%emt 0:00:00]} 3. Nc3 {[%emt 0:00:03]} Bb4 {[%emt 0:00:02]} 4. e3 {[%emt 0:00:04]} b6 {[%emt 0:00:39]} 5. Bd3 {[%emt 0:03:51]} Bb7 {[%emt 0:00:07]} 6. Nf3 {[%emt 0:00:04]} Ne4 {[%emt 0:00:45]} 7. Qc2 {[%emt 0:01:20]} f5 {[%emt 0:00:08]} 8. O-O {[%emt 0:03:14]} Nxc3 {[%emt 0:00:30]} 9. bxc3 {[%emt 0:00:11]} Bxf3 {[%emt 0:00:08]} 10. gxf3 {[%emt 0:01:29]} Bd6 {[%emt 0:00:07]} 11. f4 {[%emt 0:02:38]} Qh4 {[%emt 0:00:09]} 12. f3 {[%emt 0:01:52]} g5 {[%emt 0:13:11]} 13. fxg5 {[%emt 0:03:26]} h6 {[%emt 0:07:29]} 14. g6 {[%emt 0:04:17]} Rg8 {[%emt 0:02:34]} 15. e4 {[%emt 0:01:17]} Nc6 {[%emt 0:06:58]} 16. exf5 {[%emt 0:04:54]} exf5 {[%emt 0:00:55]} 17. Bxf5 {[%emt 0:03:25]} Ne7 {[%emt 0:05:56]} 18. Be4 {[%emt 0:02:46]} O-O-O {[%emt 0:05:13]} 19. c5 {[%emt 0:07:55]} bxc5 {[%emt 0:05:01]} 20. Rb1 {[%emt 0:12:52]} Rdf8 {[%emt 0:08:21]} 21. dxc5 {[%emt 0:03:42]} Bxc5+ {[%emt 0:04:36]} 22. Kh1 {[%emt 0:00:46]} d5 {[%emt 0:05:13]} 23. Bd3 {[%emt 0:01:17]} Bb6 {[%emt 0:03:46]} 24. Ba3 {[%emt 0:02:37]} Re8 {[%emt 0:09:04]} 25. c4 {[%emt 0:04:48]} dxc4 {[%emt 0:03:04]} 26. Bxc4 {[%emt 0:00:50]} Rg7 {[%emt 0:05:13]} 27. Qa4 {[%emt 0:03:29]} 1-0

[Event "KAZ-ch Open 2019"]
[Site "Almaty"]
[Date "2019.04.23"]
[Round "3.5"]
[White "Makhnev, Denis"]
[Black "Zhalmakhanov, Ramazan"]
[Result "1/2-1/2"]
[WhiteElo "2483"]
[BlackElo "2346"]
[Annotator "ChessBase"]
[PlyCount "119"]
[EventDate "2019.04.21"]
[EventType "tourn"]
[EventCountry "KAZ"]
[SourceTitle "playchess.com"]
[Source "ChessBase"]
[SourceQuality "1"]
[TimeControl "40/5400+30:1800+30"]

1. d4 {[%emt 0:02:16]} Nf6 {[%emt 0:00:00]} 2. c4 {[%emt 0:00:10]} e6 {[%emt 0:00:00]} 3. g3 {[%emt 0:00:08]} c5 {[%emt 0:00:06]} 4. d5 {[%emt 0:00:05]} exd5 {[%emt 0:00:05]} 5. cxd5 {[%emt 0:00:03]} d6 {[%emt 0:00:17]} 6. Nc3 {[%emt 0:00:07]} g6 {[%emt 0:00:12]} 7. Bg2 {[%emt 0:00:06]} Bg7 {[%emt 0:00:04]} 8. Nf3 {[%emt 0:00:06]} O-O {[%emt 0:00:07]} 9. O-O {[%emt 0:00:06]} Re8 {[%emt 0:00:05]} 10. Bf4 {[%emt 0:00:07]} Ne4 {[%emt 0:00:12]} 11. Rc1 {[%emt 0:01:21]} Nxc3 {[%emt 0:04:18]} 12. bxc3 {[%emt 0:00:36]} b6 {[%emt 0:03:59]} 13. Re1 {[%emt 0:00:23]} h6 {[%emt 0:17:13]} 14. h4 {[%emt 0:04:52]} Bf5 {[%emt 0:05:03]} 15. Qd2 {[%emt 0:01:21]} Kh7 {[%emt 0:00:58]} 16. Nh2 {[%emt 0:00:06]} Na6 {[%emt 0:12:06]} 17. e4 {[%emt 0:04:06]} Bc8 {[%emt 0:00:06]} 18. c4 {[%emt 0:01:17]} Rb8 {[%emt 0:00:55]} 19. Rb1 {[%emt 0:03:23]} Rb7 {[%emt 0:08:34]} 20. Re2 {[%emt 0:19:46]} Rbe7 {[%emt 0:04:37]} 21. Rbe1 {[%emt 0:00:08]} Nc7 {[%emt 0:03:03]} 22. Qd3 {[%emt 0:04:26]} Kg8 {[%emt 0:03:57]} 23. Bf3 {[%emt 0:05:43]} f5 {[%emt 0:05:43]} 24. Qd2 {[%emt 0:04:09]} Kh7 {[%emt 0:03:30]} 25. exf5 {[%emt 0:00:33]} Bxf5 {[%emt 0:01:19]} 26. Ng4 {[%emt 0:00:13]} Rxe2 {[%emt 0:00:34]} 27. Rxe2 {[%emt 0:00:05]} Rxe2 {[%emt 0:00:11]} 28. Bxe2 {[%emt 0:00:05]} Qf8 {[%emt 0:00:11]} 29. Ne3 {[%emt 0:00:53]} Be4 {[%emt 0:13:42]} 30. f3 {[%emt 0:03:20]} Bf5 {[%emt 0:01:44]} 31. Nxf5 {[%emt 0:02:44]} Qxf5 {[%emt 0:02:49]} 32. Bxd6 {[%emt 0:04:06]} Ne8 {[%emt 0:01:49]} 33. Bf4 {[%emt 0:00:23]} Be5 {[%emt 0:00:31]} 34. Bxe5 {[%emt 0:05:27]} Qxe5 {[%emt 0:00:06]} 35. f4 {[%emt 0:00:04]} Qa1+ {[%emt 0:01:09]} 36. Kg2 {[%emt 0:00:31]} Nd6 {[%emt 0:00:07]} 37. Bd3 {[%emt 0:02:10]} Kg7 {[%emt 0:02:36]} 38. Qe2 {[%emt 0:00:40]} Qf6 {[%emt 0:00:16]} 39. h5 {[%emt 0:16:16]} g5 {[%emt 0:00:49]} 40. Qg4 {[%emt 0:00:00]} Qb2+ {[%emt 0:00:00]} 41. Kh3 {[%emt 0:00:17]} Qa1 {[%emt 0:01:41]} 42. Qe6 {[%emt 0:05:48]} Nf7 {[%emt 0:04:09]} 43. Qe7 {[%emt 0:05:28]} gxf4 {[%emt 0:06:02]} 44. gxf4 {[%emt 0:04:16]} Qh1+ {[%emt 0:01:59]} 45. Kg3 {[%emt 0:00:26]} Qg1+ {[%emt 0:01:08]} 46. Kf3 {[%emt 0:00:05]} Qh1+ {[%emt 0:01:17]} 47. Ke3 {[%emt 0:02:00]} Qc1+ {[%emt 0:04:37]} 48. Ke2 {[%emt 0:01:00]} Qxf4 {[%emt 0:00:50]} 49. Qxa7 {[%emt 0:00:05]} Qh2+ {[%emt 0:02:06]} 50. Ke1 {[%emt 0:00:19]} Qe5+ {[%emt 0:01:43]} 51. Kd2 {[%emt 0:00:16]} Qb2+ {[%emt 0:01:42]} 52. Kd1 {[%emt 0:00:16]} Qd4 {[%emt 0:03:21]} 53. Kc2 {[%emt 0:00:20]} Qf2+ {[%emt 0:00:06]} 54. Kb1 {[%emt 0:00:10]} Qe1+ {[%emt 0:00:44]} 55. Kb2 {[%emt 0:00:30]} Qd2+ {[%emt 0:00:21]} 56. Bc2 {[%emt 0:00:07]} Qb4+ {[%emt 0:00:11]} 57. Bb3 {[%emt 0:00:04]} Qd2+ {[%emt 0:00:03]} 58. Bc2 {[%emt 0:00:03]} Qb4+ 59. Bb3 {[%emt 0:00:07]} Qd2+ {[%emt 0:00:10]} 60. Bc2 1/2-1/2

[Event "KAZ-ch Open 2019"]
[Site "Almaty"]
[Date "2019.04.23"]
[Round "3.6"]
[White "Ismagambetov, Anuar"]
[Black "Moisseyenko, Ilya"]
[Result "1-0"]
[WhiteElo "2554"]
[BlackElo "2329"]
[Annotator "ChessBase"]
[PlyCount "112"]
[EventDate "2019.04.21"]
[EventType "tourn"]
[EventCountry "KAZ"]
[SourceTitle "playchess.com"]
[Source "ChessBase"]
[SourceQuality "1"]
[TimeControl "40/5400+30:1800+30"]

1. e4 {[%emt 0:00:00]} c5 {[%emt 0:00:00]} 2. Nf3 {[%emt 0:00:00]} d6 {[%emt 0:00:00]} 3. d4 {[%emt 0:00:00]} Nf6 {[%emt 0:00:06]} 4. Nc3 {[%emt 0:00:08]} cxd4 {[%emt 0:00:08]} 5. Nxd4 {[%emt 0:00:03]} a6 {[%emt 0:00:10]} 6. Bg5 {[%emt 0:01:30]} e6 {[%emt 0:00:09]} 7. f4 {[%emt 0:00:04]} Qb6 {[%emt 0:00:08]} 8. Qd3 {[%emt 0:00:06]} Qxb2 {[%emt 0:00:47]} 9. Rb1 {[%emt 0:00:10]} Qa3 {[%emt 0:00:04]} 10. f5 {[%emt 0:00:09]} Nc6 {[%emt 0:01:14]} 11. fxe6 {[%emt 0:06:06]} fxe6 {[%emt 0:00:05]} 12. Nxc6 {[%emt 0:02:37]} bxc6 {[%emt 0:00:17]} 13. Be2 {[%emt 0:00:07]} Be7 {[%emt 0:00:28]} 14. Bh5+ {[%emt 0:15:45]} g6 {[%emt 0:03:44]} 15. e5 {[%emt 0:08:15]} dxe5 {[%emt 0:06:34]} 16. Rb3 {[%emt 0:05:44]} Qc5 {[%emt 0:21:17]} 17. Bxg6+ {[%emt 0:05:12]} hxg6 {[%emt 0:00:30]} 18. Bxf6 {[%emt 0:03:11]} Bxf6 {[%emt 0:11:46]} 19. Qxg6+ {[%emt 0:00:05]} Ke7 {[%emt 0:00:04]} 20. Qxf6+ {[%emt 0:00:21]} Kxf6 {[%emt 0:00:05]} 21. Ne4+ {[%emt 0:00:03]} Ke7 {[%emt 0:01:36]} 22. Nxc5 {[%emt 0:00:05]} e4 {[%emt 0:00:08]} 23. O-O {[%emt 0:02:10]} e5 {[%emt 0:01:31]} 24. Nxe4 {[%emt 0:09:31]} Rh4 {[%emt 0:03:28]} 25. Re1 {[%emt 0:00:33]} Ra7 {[%emt 0:06:10]} 26. Rg3 {[%emt 0:05:06]} Rd7 {[%emt 0:02:47]} 27. Rg7+ {[%emt 0:00:44]} Kd8 {[%emt 0:00:29]} 28. Rxd7+ {[%emt 0:00:06]} Kxd7 {[%emt 0:01:03]} 29. g3 {[%emt 0:00:05]} Rh6 {[%emt 0:01:03]} 30. Ng5 {[%emt 0:01:13]} Rd6 {[%emt 0:02:05]} 31. Nf3 {[%emt 0:00:32]} Kc7 {[%emt 0:00:21]} 32. Rxe5 {[%emt 0:01:01]} Be6 {[%emt 0:00:11]} 33. a3 {[%emt 0:00:57]} Bd5 {[%emt 0:03:18]} 34. Re3 {[%emt 0:01:31]} Rd8 {[%emt 0:02:00]} 35. h4 {[%emt 0:00:36]} Rb8 {[%emt 0:00:14]} 36. Kf2 {[%emt 0:00:47]} Rb2 {[%emt 0:00:20]} 37. Ne1 {[%emt 0:00:29]} Kd6 {[%emt 0:01:23]} 38. g4 {[%emt 0:00:07]} Rb7 {[%emt 0:01:06]} 39. Kg3 {[%emt 0:00:35]} Kc5 {[%emt 0:00:27]} 40. g5 {[%emt 0:00:00]} Kd4 {[%emt 0:00:00]} 41. Rd3+ {[%emt 0:00:45]} Ke4 {[%emt 0:00:34]} 42. Rf3 {[%emt 0:03:44]} Rb1 {[%emt 0:00:56]} 43. Ng2 {[%emt 0:02:40]} Rg1 {[%emt 0:05:31]} 44. g6 {[%emt 0:01:07]} Ke5 {[%emt 0:00:16]} 45. g7 {[%emt 0:00:36]} Rc1 {[%emt 0:02:18]} 46. h5 {[%emt 0:01:08]} Rh1 {[%emt 0:00:09]} 47. Kg4 {[%emt 0:12:29]} Rg1 {[%emt 0:03:41]} 48. Rf5+ {[%emt 0:00:22]} Ke4 {[%emt 0:00:44]} 49. Rf2 {[%emt 0:00:04]} Ke5 {[%emt 0:00:32]} 50. Kh4 {[%emt 0:01:22]} a5 {[%emt 0:02:57]} 51. h6 {[%emt 0:01:30]} a4 {[%emt 0:01:08]} 52. Nf4 {[%emt 0:05:39]} Bg8 {[%emt 0:04:21]} 53. Nh3 {[%emt 0:00:35]} Rg6 {[%emt 0:00:13]} 54. Kh5 {[%emt 0:00:28]} Rf6 {[%emt 0:02:10]} 55. Re2+ {[%emt 0:00:54]} Kd4 {[%emt 0:00:21]} 56. Ng5 {[%emt 0:00:13]} Kd5 1-0

[Event "KAZ-ch Open 2019"]
[Site "Almaty"]
[Date "2019.04.24"]
[Round "4.1"]
[White "Agmanov, Zhandos"]
[Black "Moisseyenko, Ilya"]
[Result "1-0"]
[WhiteElo "2394"]
[BlackElo "2329"]
[Annotator "TA"]
[PlyCount "85"]
[EventDate "2019.04.21"]
[EventType "tourn"]
[EventCountry "KAZ"]
[SourceTitle "playchess.com"]
[Source "ChessBase"]
[SourceQuality "1"]

{[%evp 9,85,17,22,8,12,13,12,8,25,33,15,16,104,104,104,100,114,122,124,124,112,116,101,98,114,127,114,87,79,80,77,83,106,16,26,42,80,76,110,97,158,181,184,164,264,141,153,146,342,327,275,278,2355,2190,12839,7430,7383,10082,6423,6411,6111,5066,5393,4221,4229,2736,29977,29978,29980,29981,29981,29982,29983,29984,29984,29985,29985,29984]} 1. e4 c5 2. Nf3 d6 3. d4 Nf6 4. Bb5+ Bd7 5. Bxd7+ Qxd7 6. dxc5 {B53: Sicilian: 2...d6: Lines with Qxd4} Nxe4 7. cxd6 $1 Nxd6 8. Bf4 {The position is equal.} e6 9. Nc3 $146 ({Predecessor:} 9. O-O Be7 10. Qe2 Qc8 11. Rd1 Nf5 12. g4 Nh4 13. Nxh4 Bxh4 {½-½ (38) Topalov,V (2772)-Giri,A (2752) Flor & Fjaere 2014}) 9... Nc6 10. Qe2 {next Rd1 is good for White.} Rd8 (10... f6 $11) 11. O-O-O $16 Qc8 {[#]} 12. Rd2 $1 $36 {[%mdl 2048] aiming for Rhd1. Black is under strong pressure.} Be7 13. Rhd1 {[%cal Rf4d6]} Nf5 14. g4 Rxd2 15. Rxd2 Nh6 16. Bxh6 gxh6 17. Qe3 h5 18. g5 (18. gxh5 {with more complications.} Qc7 19. Kb1 Qa5 20. h6 Qf5 21. Ne4) 18... Bb4 19. Rd3 {Threatens to win with Nd5.} Bxc3 20. Rxc3 O-O 21. Nd2 (21. Ne5 $16) 21... Qb8 $1 $11 22. f4 {Black must now prevent Ne4.} Ne7 23. Ne4 {Strongly threatening Nf6+.} Nd5 24. Nf6+ Nxf6 (24... Kh8 $142 25. Nxd5 exd5) 25. gxf6 $16 {[%mdl 4096] Endgame Threatening mate with Qg3+. KQR-KQR} Kh8 26. Qe5 Qe8 (26... Qxe5 $142 27. fxe5 b5) 27. Rg3 ({But not} 27. Qxh5 $6 Qb8 $18) ({White should play} 27. b3 $18) 27... Rg8 28. Qxh5 Rxg3 $2 (28... Qb8 $16 {was worth a try.}) 29. hxg3 {KQ-KQ} Qg8 {[#]} 30. g4 $1 {[%cal Rg4g5]} Qg6 $2 (30... Qf8 31. a4 Qg8) 31. Qxg6 $18 hxg6 {KP-KP} 32. g5 Kg8 33. Kd2 Kf8 34. Kd3 Ke8 35. Kd4 Kd7 36. Kc5 Kc7 37. a4 {[%cal Ba2a4,Ba4a5,Ba5b6][%mdl 32]} Kd7 38. a5 {White mates.} Kc7 39. b4 Kd7 40. b5 Kc7 41. b6+ axb6+ 42. axb6+ Kd7 43. c3 {Accuracy: White = 78%, Black = 47%.} 1-0

[Event "KAZ-ch Open 2019"]
[Site "Almaty"]
[Date "2019.04.24"]
[Round "4.2"]
[White "Zhalmakhanov, Ramazan"]
[Black "Ismagambetov, Anuar"]
[Result "1/2-1/2"]
[WhiteElo "2346"]
[BlackElo "2554"]
[Annotator "TA"]
[PlyCount "55"]
[EventDate "2019.04.21"]
[EventType "tourn"]
[EventCountry "KAZ"]
[SourceTitle "playchess.com"]
[Source "ChessBase"]
[SourceQuality "1"]

{[%evp 28,55,28,7,3,3,3,3,3,5,2,0,0,0,0,0,0,0,0,0,0,0,0,0,0,0,0,0,0,-7]} 1. e4 c5 2. Nf3 Nc6 3. d4 cxd4 4. Nxd4 Nf6 5. Nc3 e5 6. Ndb5 d6 7. Bg5 a6 8. Na3 b5 9. Nd5 Be7 10. Bxf6 Bxf6 11. c3 Rb8 12. Nc2 Bg5 13. a4 bxa4 14. Ncb4 Nxb4 15. Nxb4 {aiming for Nc6.} Bd7 $1 {The position is equal. B33: Sicilian: Pelikan and Sveshnikov Variations} 16. Bxa6 Qa5 17. Qxd6 Rb6 18. Qd3 $1 {Black should prevent 0-0.} Be6 {[#] ...Be7 is the strong threat.} (18... Be7 19. Nd5 Rxb2 20. O-O Qc5 21. c4 Rb3 22. Qe2 Bd6 23. Bb5 Bxb5 24. cxb5 Qxb5 {½-½ (34) Dominguez Perez,L (2734)-Grischuk,A (2780) Khanty-Mansiysk 2015}) 19. O-O {Black must now prevent Bc4.} O-O 20. Bc4 Rd8 21. Bd5 Bxd5 $1 22. Rfd1 h6 {[#] Strongly threatening ...Bb3.} 23. exd5 {Hoping for Qe4.} Be7 $1 24. Qe4 {Threatens to win with Nc6.} Bxb4 25. cxb4 Qxb4 26. Qxe5 Qxb2 27. Qxb2 Rxb2 28. Rxa4 $146 ({Predecessor:} 28. g3 Rb4 {½-½ (28) Ristea,T (2302)-Bajt,D (2236) ICCF email 2015}) 1/2-1/2

[Event "KAZ-ch Open 2019"]
[Site "Almaty"]
[Date "2019.04.24"]
[Round "4.3"]
[White "Urazayev, Arystanbek"]
[Black "Makhnev, Denis"]
[Result "1/2-1/2"]
[WhiteElo "2446"]
[BlackElo "2483"]
[Annotator "TA"]
[PlyCount "83"]
[EventDate "2019.04.21"]
[EventType "tourn"]
[EventCountry "KAZ"]
[SourceTitle "playchess.com"]
[Source "ChessBase"]
[SourceQuality "1"]

{[%evp 20,83,44,23,32,31,35,22,29,34,39,43,31,34,33,33,37,37,58,24,24,28,26,25,27,27,26,26,30,26,30,30,58,0,27,0,27,21,41,8,8,8,8,8,8,8,8,8,8,8,8,8,8,8,8,8,8,8,8,0,8,0,8,8,8,8]} 1. e4 e5 2. Nf3 Nc6 3. Bb5 a6 4. Ba4 Nf6 5. O-O b5 6. Bb3 Be7 7. d3 d6 8. a4 Rb8 9. axb5 axb5 10. h3 O-O 11. Nc3 Be6 {C84: Closed Ruy Lopez: Unusual White 6th moves} (11... Nb4 12. Bg5 Bd7 13. Qd2 Nh5 14. Ra7 Bxg5 15. Qxg5 Nf6 16. Rfa1 Be6 17. Bxe6 fxe6 18. Qd2 Nc6 19. R7a6 {1-0 (76) Volokitin,A (2722)-Ragger,M (2655) Austria 2012}) 12. Nd5 Bxd5 13. exd5 Nb4 14. d4 e4 15. Ng5 {[#]} Nbxd5 $146 {[#]} ({Predecessor:} 15... h6 16. Nxe4 Nxe4 17. Qe1 Nxc2 18. Bxc2 Nf6 19. Bb3 {0-1 (32) Edouard,R (2508)-Smeets,J (2593) Liverpool 2008}) 16. Nxe4 $1 {[%mdl 512]} c5 (16... Nxe4 17. Bxd5) 17. Nxf6+ Nxf6 18. dxc5 dxc5 19. c3 c4 20. Bc2 Qb6 21. Qf3 Bc5 22. Bg5 h6 23. Bh4 Rbd8 24. Rfd1 Rxd1+ 25. Rxd1 Rd8 26. Ra1 (26. Rxd8+ $14 Qxd8 27. Bxf6 gxf6 28. Qg4+ Kf8 29. Qh5) 26... Qe6 (26... g5 $5 27. Bg3 $8 Kg7 $11) 27. Bg3 Bd6 28. Rd1 Qe7 29. Bxd6 (29. Qe3 {is interesting.} Qxe3 30. fxe3 Be7 31. Rxd8+ Bxd8 32. Bd6) 29... Rxd6 {The position is equal.} 30. Qa8+ Qe8 31. Qxe8+ Nxe8 32. Rxd6 Nxd6 $11 {[%mdl 4096] Endgame KB-KN} 33. f4 Kf8 34. Kf2 Ke7 35. Ke3 Nc8 36. Kd4 {With the idea Kc5.} Kd6 $1 37. b3 cxb3 $1 38. Bxb3 f6 39. Bf7 Ne7 40. Be8 Nc6+ 41. Ke4 Kc5 42. Bf7 {Accuracy: White = 72%, Black = 62%.} 1/2-1/2